000 00649nam a2200217Ii 4500
001 65
003 CO-ViMGA
008 241108s9999||||xx |||||||||||||| ||und||
020 _a8478443223
040 _aCO-ViMGA
_bspa
_erda
_cCO-ViMGA
041 0 _aspa
084 _aN GAA1
100 1 _aJostein Gaarder
_949093
245 1 0 _aEl mundo de Sofía :
_bnovela sobre la historia de la filosofía
264 1 _a[Lugar de publicación no identificado] : Siruela, 2003
300 _avolumen
336 _atext
_btxt
_2rdacontent
337 _aunmediated
_bn
_2rdamedia
338 _avolume
_bnc
_2rdacarrier
940 _aidficha_siabuc: 62. -- ficha_no_siabuc:65
999 _c43736
_d43736